Applied impact mechanics
Zapisane w:
| 1. autor: | |
|---|---|
| Format: | Książka |
| Język: | angielski |
| Wydane: |
Ane Books
2019
|
| Etykiety: |
Dodaj etykietę
Nie ma etykietki, Dołącz pierwszą etykiete!
|
MARC
| LEADER | 00000nam a22000007a 4500 | ||
|---|---|---|---|
| 008 | 240226b |||||||| |||| 00| 0 eng d | ||
| 020 | |a 9789385462276 | ||
| 100 | |a RAO,C.Lakshmana | ||
| 245 | |a Applied impact mechanics |c /C.Lakshmana Rao,V.Narayanamurthy, K.R.Y,Simha |g xvi, 350p;ill | ||
| 260 | |b Ane Books |c 2019 |h Ane Books |i 701357 |i 701358 |l TA439.R18 |m Mechanics, Applied | ||
| 500 | |a it includes index | ||
| 942 | |a lcc |c BK |e Johnson |f 26/02/24 | ||
| 952 | |0 0 |1 0 |2 lcc |4 0 |6 TA0439 R18 |7 0 |9 4892 |a TL |b HOL |c QZ |d 2024-02-26 |l 0 |o TA439.R18 |p 2024-0143 |r 2024-02-26 00:00:00 |t 701357 |w 2024-02-26 |y BK | ||
| 952 | |0 0 |1 0 |2 lcc |4 0 |6 TA0439 R18 |7 0 |9 4893 |a HOL |b HOL |c QZ |d 2024-02-26 |l 0 |o TA439.R18 |p 2024-0144 |r 2024-02-26 00:00:00 |t 701358 |w 2024-02-26 |y BK | ||
| 999 | |c 2432 |d 2432 | ||